Water resources and power (Record no. 243269)

MARC details
000 -LEADER
fixed length control field 00800nam a2200253Ia 4500
003 - CONTROL NUMBER IDENTIFIER
control field OSt
005 - DATE AND TIME OF LATEST TRANSACTION
control field 20220918210324.0
008 - FIXED-LENGTH DATA ELEMENTS--GENERAL INFORMATION
fixed length control field 220917b |||||||| |||| 00| 0 eng d
037 ## - SOURCE OF ACQUISITION
Terms of availability Textual
040 ## - CATALOGING SOURCE
Original cataloging agency ARTS
Transcribing agency ARTS
Language of cataloging eng
041 ## - LANGUAGE CODE
Source of code eng
Language code of text/sound track or separate title eng
110 ## - MAIN ENTRY--CORPORATE NAME
Corporate name or jurisdiction name as entry element United States, Commission On Organization Of The Executive Branch Of The Government (1955)
9 (RLIN) 117786
245 #0 - TITLE STATEMENT
Title Water resources and power
Remainder of title report to the congress
260 ## - PUBLICATION, DISTRIBUTION, ETC.
Date of publication, distribution, etc. 1955
500 ## - GENERAL NOTE
General note 2 v in 1
650 ## - SUBJECT ADDED ENTRY--TOPICAL TERM
Topical term or geographic name entry element HISTORY
700 ## - ADDED ENTRY--PERSONAL NAME
Personal name United States, Commission On Organization Of The Executive Branch Of The Government (1955)
9 (RLIN) 117787
942 ## - ADDED ENTRY ELEMENTS (KOHA)
Classification part V73:28tN53, J511
Koha item type Textual
Source of classification or shelving scheme Colon Classification (CC)
Holdings
Withdrawn status Lost status Damaged status Not for loan Home library Current library Date acquired Total Checkouts Full call number Barcode Date last seen Price effective from Koha item type
        Arts Library Arts Library 2022-09-18   V73:28tN53 J511 AL0125075 2022-09-18 2022-09-18 Textual
Copyright @ Delhi University Library System